Cincin permata biru

Bibliographic Details
Main Author: Mior Shariman Hassan
Format: Book
Published: Kuala Lumpur : Creative Enterprise Sdn. Bhd. , 2000
Subjects:

MARC

LEADER 00000cam a2200000 7i4500
001 0000006607
002 000007128
005 20010316.0
020 |a 9838931675 
090 0 0 |a F   |b MIO 
100 0 |a Mior Shariman Hassan 
245 1 0 |a Cincin permata biru   |c Mior Shariman Hassan 
260 |a Kuala Lumpur :   |b Creative Enterprise Sdn. Bhd. ,   |c 2000 
300 |a 492p. ;   |c 18cm. 
650 0 0 |a Malay fiction 
999 |a 00279710   |b BUKU   |c PINJAMAN   |e PERPUSTAKAAN KOMUNITI CAW TAMAN MEDAN 
999 |a 038373   |b BUKU   |c FICTION   |e PERPUSTAKAAN KOMUNITI PETALING JAYA 
999 |a 098927   |b BUKU   |c FICTION   |e PERPUSTAKAAN KOMUNITI PETALING JAYA 
999 |a 098928   |b BUKU   |c FICTION   |e PERPUSTAKAAN KOMUNITI PETALING JAYA